Państwa i kraje nieuznawane leżące na Kaukazie - Statystyki

Ogólne statystyki
  • Ten quiz został rozwiązany 5 527 razy
    5 381 od ostatniego zresetowania
  • Średni wynik to 6 z 7
Odpowiedzi na mapie
Odpowiedzi zakodowano w zielono-czerwonej skali na mapie do tego quizu, zgodnie z poniższymi procentami.
 
Statystyki odpowiedzi
Kraj/państwo % Poprawnych
Gruzja
97%
Armenia
96%
Turcja
96%
Rosja
95%
Azerbejdżan
94%
Abchazja
55%
Osetia Południowa
52%
Nie znaleziono quizów pasujących do podanych kryteriów
Rozkład punktacji
Procent ludzi z każdym wynikiem
Percentyl według liczby udzielonych odpowiedzi
Twoja historia wyników
Nie rozwiązałeś tego quizu od ostatniego zresetowania